Seventeen - Statistics

General Stats
  • This quiz has been taken 8 times
  • The average score is 9 of 17
Answer Stats
Hint Answer % Correct
51/3 = 17
100%
17th letter Q
100%
Binary 10001
75%
The iPhone 17 was released in 2025
75%
17 x 17 289
75%
1717 was ___ years ago 309
75%
sqrt(17) 4.12
50%
17 x 17 x 17 4913
50%
17 x 17 x 17 x 17 83521
50%
Shape with 17 sides Heptadecagon
50%
Base 17 10
25%
Hexadecimal 11
25%
Dozenal 15
25%
If a number is 17 in hexadecimal, then it is what in decimal? 23
25%
Base 7 24
25%
Base 6 25
25%
Roman Numeral XXVII
25%
No matching quizzes found
Score Distribution
Percent of People with Each Score
Percentile by Number Answered
Your Score History
You have not taken this quiz